000 02643nam a2200277 i 4500
003 CSPC
005 20260213160328.0
008 260212s2021 nyua 000 0 eng d
020 _a9781984645500
040 _aCSPC
_beng
_cCSPC
_erda
082 0 4 _a641.03
_bIl688
245 0 0 _aIllustrated dictionary of food and beverage :
_bterms, definitions, examples.
250 _a2nd edition.
264 1 _aNew York :
_b3G E-Learning,
_c2021.
300 _a232 pages :
_billustrations ;
_c26 cm.
336 _2rdacontent
_atext
337 _2rdamedia
_aunemdiated
338 _2rdacarrier
_avolume
505 0 _aA -- B -- C -- D -- E -- F -- G -- H -- I -- J -- K -- L -- M -- N -- O -- P -- Q -- R -- S -- T -- U -- V -- W -- X -- Y -- Z.
520 _a"Food is any substance consumed to provide nutritional support for an organism. It is usually of plant or animal origin, and contains essential nutrients, such as carbohydrates, fats, proteins, vitamins, or minerals. The substance is ingested by an organism and assimilated by the organism's cells to provide energy, maintain life, or stimulate growth. A drink or beverage is a liquid intended for human consumption. In addition to their basic function of satisfying thirst, drinks play important roles in human culture. To understand food and beverage, you must first understand the subject terms. This edition of Illustrated Dictionary of Food and Beverage is updated with new terms and revised comprehensively. These descriptive illustrations provide a concise and thorough understanding of the subject. The dictionary provides state-of-the-art scientific and practical terms, presented in an easy-to-use, A-Z order with pictures and figures as well as examples are given to clarify the terms. Packed with special full-page features on this subject and thousands of interesting entries, definitions, photographs and pictures developed in close consultation with team of experts, this is the ultimate reference tool for students and others dealing with the subject. The clear and spacious layout, guide words at the top of each page plus the A-Z 'tab' index on each page ensure that the dictionary is user-friendly. Bright, colorful illustrations and photographs support language learning and make it fun. Full sentence definitions and example show the headword used in a context familiar to the user"-- Back cover.
650 4 _aFood
_xDictionary.
650 4 _aBeverages
_xDictionary.
710 1 _a3G E-Learning.
942 _2ddc
_n0
_cBK
_h641.03
_iIl688
_kCIR
_m2021
999 _c31755
_d31755